Ariana Grande - Chansons de l'album eternal sunshine - Statistiques

Statistiques générales
  • Ce quiz a été pris 436 fois
    265 depuis la dernière actualisation
  • Le résultat moyen est 16 sur 19
Statistiques - réponses
Hint Réponse % Correct
eternal sunshine: brighter days ahead 14 intro (end of the world) - extended
97%
eternal sunshine 1 intro (end of the world)
96%
eternal sunshine 5 eternal sunshine
94%
eternal sunshine 10 we can't be friends (wait for your love)
94%
eternal sunshine 2 bye
90%
eternal sunshine 9 yes, and?
90%
eternal sunshine: brighter days ahead 17 dandelion
88%
eternal sunshine 8 the boy is mine
88%
eternal sunshine: brighter days ahead 16 warm
88%
eternal sunshine 7 true story
85%
eternal sunshine: brighter days ahead 15 twilight zone
85%
eternal sunshine: brighter days ahead 18 past life
84%
eternal sunshine: brighter days ahead 19 Hampstead
83%
eternal sunshine 12 imperfect for you
83%
eternal sunshine 6 supernatural
83%
eternal sunshine 13 ordinary things
81%
eternal sunshine 11 i wish i hated you
76%
eternal sunshine 3 don't wanna break up again
74%
eternal sunshine 4 Saturn Returns Interlude
66%
Aucun quiz correspondant
Distribution des résultats
% des personnes avec chaque résultat
Percentile par nombre de réponses
Votre historique - résultats
Vous n’avez pas pris ce quiz depuis la dernière actualisation